Loading...
Analysis of vertebrate structure
| Hovedforfatter: | |
|---|---|
| Format: | Printed Book |
| Udgivet: |
New York
John Wiley
1995
|
| Udgivelse: | 4th ed. |
| Fag: |
| LEADER | 00571cam a2200181ua 4500 | ||
|---|---|---|---|
| 020 | |a 0-471-11085-X | ||
| 082 | |a 596 |b HIL/A | ||
| 100 | 0 | |a Hildebrand, Milton | |
| 245 | |a Analysis of vertebrate structure | ||
| 250 | |a 4th ed. | ||
| 260 | |a New York |b John Wiley |c 1995 | ||
| 300 | |a xiii,657p. | ||
| 500 | |a Include bibliograqphical references and index. | ||
| 650 | |a Veretebrates- Anatomy | ||
| 650 | 0 | |a Vertebrates- Morphology | |
| 942 | |c BK | ||
| 999 | |c 1616 |d 1616 | ||
| 952 | |0 0 |1 0 |4 0 |6 596_000000000000000_HILA |7 0 |9 1678 |a KUCL |b KUCL |d 2014-05-23 |l 0 |o 596 HIL/A |p 04734 |r 2014-05-23 |y BK | ||